000 00659cam a22002411 4500
001 sa 66003911
003 DLC
005 20260227112239.0
008 870611s1964 ii d 000 0 eng
010 _asa 66003911
025 _aPL480:I-E-5541
035 _a(OCoLC)15888072
040 _aDLC
_cWaU
_dDLC
041 0 _aengtam
042 _apremarc
050 0 0 _aPL4757
_b.A7
100 1 _aArulrajan, R.
245 1 0 _aSrimagal senior dictionary, English-English-Tamil.
_cCompiled by R. Arulrajan.
250 _a[1st ed.]
260 _aMadras,
_bSrimagal Col.
_c[1964]
300 _a1736 p.
_c19 cm.
650 0 _aEnglish language
_xDictionaries
_xTamil.
999 _c69167
_d69167